MARC

LEADER 00000nam0a2200000 4500
001 8763
005 20231030182015.0
010 |a 5785600226 
035 |a (RuTPU)RU\TPU\book\8812 
035 |a BOOK00008872 
090 |a 8763 
100 |a 20011209d1998 m y0rusy50 ca 
101 0 |a rus 
102 |a RU 
105 |a y j 000zy 
200 1 |a Рекламная деятельность  |e учебник  |f Ф. Г. Панкратов, Т. К. Серегина, В. Г. Шахурин 
210 |a Москва  |c Маркетинг  |d 1998 
215 |a 244 с. 
610 1 |a реклама 
610 1 |a рекламная деятельность 
610 1 |a учебные пособия 
675 |a 659(075.8)  |v 3 
700 1 |a Панкратов  |b Ф. Г. 
701 1 |a Серегина  |b Т. К. 
701 1 |a Шахурин  |b В. Г. 
801 0 |a RU  |b 63413507  |c 20011209  |g PSBO 
801 2 |a RU  |b 63413507  |c 20220427  |g PSBO 
900 |a Рекламоведение 
900 |a Рекламный маркетинг 
900 |a Психология рекламы 
900 |a Брэндинг 
900 |a Выставочная работа 
942 |c BK